English grammar lessons Upper-intermediate with answers

में बचाया:
ग्रंथसूची विवरण
मुख्य लेखक: Micheal Dean
स्वरूप: पुस्तक
भाषा:Undetermined
प्रकाशित: Oxford Oxford Univ. press 1994
विषय:
टैग : टैग जोड़ें
कोई टैग नहीं, इस रिकॉर्ड को टैग करने वाले पहले व्यक्ति बनें!
Thư viện lưu trữ: Trung tâm Học liệu Trường Đại học Cần Thơ
LEADER 00518nam a2200181Ia 4500
001 CTU_291
008 210402s9999 xx 000 0 und d
082 |a 425 
082 |b D282 
100 |a Micheal Dean 
245 0 |a English grammar lessons 
245 0 |b Upper-intermediate with answers 
245 0 |c Micheal Dean 
260 |a Oxford 
260 |b Oxford Univ. press 
260 |c 1994 
650 |a english language - grammar - problems, exercises, etc 
980 |a Trung tâm Học liệu Trường Đại học Cần Thơ